Znajdź miasto na mapie - Statystyki

Ogólne statystyki
  • Ten quiz został rozwiązany 13 894 razy
  • Średni wynik to 7 z 18
Odpowiedzi na mapie
Odpowiedzi zakodowano w zielono-czerwonej skali na mapie do tego quizu, zgodnie z poniższymi procentami.
 
Statystyki odpowiedzi
Miasto Odpowiedź % Poprawnych
Nowy Jork E7
97%
Kraków I8
87%
Buenos Aires E2
71%
Zurych H7
69%
Władywostok N7
53%
Perth M2
50%
Pretoria I3
45%
Soczi J7
43%
Guadalajara C6
35%
Medellín E5
33%
Cuzco E3
31%
Calgary C8
26%
Dodoma J4
22%
Dżedda J6
21%
Dili N4
21%
Derry H8
16%
Malabo H4/5
13%
Rangun (Jangon) L5
11%
Nie znaleziono quizów pasujących do podanych kryteriów
Rozkład punktacji
Procent ludzi z każdym wynikiem
Percentyl według liczby udzielonych odpowiedzi
Twoja historia wyników
Nie rozwiązałeś tego quizu